| 000 | 00578nam a2200217Ia 4500 | ||
|---|---|---|---|
| 003 | IN-BaIIA | ||
| 008 | 211028s9999 xx 000 0 eng d | ||
| 020 | _a0-85274-173-1 | ||
| 040 | _cIIA Library | ||
| 080 |
_a535.8 _bMAC |
||
| 100 |
_aMacdonald, John _97490 |
||
| 245 | 0 |
_aMetal-dielectric multilayers _cJohn Macdonald |
|
| 260 |
_aLondon _bAdam Hilger _c1971 |
||
| 300 | _aix, 78p. | ||
| 490 | _aMonographs on applied optics; no. 4 | ||
| 650 |
_aDielectric materials _97491 |
||
| 650 | _aNASA thesaurus | ||
| 650 | _aOptics | ||
| 650 |
_aThin film _97492 |
||
| 942 | _cBK | ||
| 999 |
_c4263 _d4263 |
||